MCSE (Record no. 33943)
[ view plain ]
| 000 -LEADER | |
|---|---|
| fixed length control field | 00392nam a22001697a 4500 |
| 005 - DATE AND TIME OF LATEST TRANSACTION | |
| control field | 20231017181936.0 |
| 008 - FIXED-LENGTH DATA ELEMENTS--GENERAL INFORMATION | |
| fixed length control field | 231017b |||||||| |||| 00| 0 eng d |
| 020 ## - INTERNATIONAL STANDARD BOOK NUMBER | |
| ISBN | 1562057499 |
| 082 ## - DEWEY DECIMAL CLASSIFICATION NUMBER | |
| Classification number | 005.446 |
| Item number | CAS-M |
| 100 ## - MAIN ENTRY--AUTHOR | |
| Author Name | Casad,Joe |
| 245 ## - TITLE STATEMENT | |
| Title | MCSE |
| Remainder of title | Trainning Guide |
| 260 ## - PUBLICATION, DISTRIBUTION, ETC. | |
| Place of Publication | USA |
| Name of publisher, distributor, etc. | New Guides |
| 300 ## - PHYSICAL DESCRIPTION | |
| Pages | 232 |
| 500 ## - GENERAL NOTE | |
| General note | Include Index |
| 650 ## - SUBJECT ADDED ENTRY--TOPICAL TERM | |
| Subject / Department | Computer |
| 700 ## - ADDED ENTRY--PERSONAL NAME | |
| Personal name | Joe Casd |
| 952 ## - LOCATION AND ITEM INFORMATION (KOHA) | |
| -- | 0 |
| -- | 0 |
| Lost status | Damaged status | Collection code | Permanent Location | Current Location | Shelving Location | Date acquired | Full Call Number | Accession No./Barcode | Date last seen |
|---|---|---|---|---|---|---|---|---|---|
| CS/IT | Superior Information Resource Center (SIRC) Superior University- Central Library | Superior Information Resource Center (SIRC) Superior University- Central Library | Computer | 10/17/2023 | 005.446 CAS-M | 20738 | 10/17/2023 |
